| 000 | nam a22 a 4500 | ||
|---|---|---|---|
| 999 |
_c3992 _d3992 |
||
| 003 | AKMAL | ||
| 005 | 20170524151333.0 | ||
| 008 | 170524s1989 my a00 may d | ||
| 020 | _a9836208569 | ||
| 040 |
_aAKMAL _cAKMAL |
||
| 082 | 0 | 4 |
_a899.08 ZAM _221 |
| 090 |
_a899.08 _bZAM |
||
| 245 |
_aGuru oh guru / _cdiselenggarakan oleh Zam Ismail |
||
| 260 |
_aKuala Lumpur : _bDewan Bahasa dan Pustaka , _c1989 |
||
| 300 |
_axxvi, 111ms. ; _c21cm. |
||
| 500 | _aAntologi ini diterbitkan sempena Perayaan Hari Guru Peringkat Kebangsaan 1989 | ||
| 650 |
_aSajak _97738 |
||
| 650 |
_aMalay poetry _97739 |
||
| 700 | 0 |
_aZam Ismail, _d1943- _97837 |
|
| 942 |
_2ddc _cBOOK |
||